<?xml version="1.0" encoding="UTF-8"?><?xml-stylesheet type="text/xsl" href="static/style.xsl"?><OAI-PMH xmlns="http://www.openarchives.org/OAI/2.0/" xmlns:xsi="http://www.w3.org/2001/XMLSchema-instance" xsi:schemaLocation="http://www.openarchives.org/OAI/2.0/ http://www.openarchives.org/OAI/2.0/OAI-PMH.xsd"><responseDate>2026-04-17T16:05:23Z</responseDate><request verb="GetRecord" identifier="oai:www.recercat.cat:10459.1/468546" metadataPrefix="marc">https://recercat.cat/oai/request</request><GetRecord><record><header><identifier>oai:recercat.cat:10459.1/468546</identifier><datestamp>2025-09-08T18:35:33Z</datestamp><setSpec>com_2072_3622</setSpec><setSpec>col_2072_479130</setSpec></header><metadata><record xmlns="http://www.loc.gov/MARC21/slim" xmlns:dcterms="http://purl.org/dc/terms/" xmlns:xsi="http://www.w3.org/2001/XMLSchema-instance" xmlns:doc="http://www.lyncode.com/xoai" xsi:schemaLocation="http://www.loc.gov/MARC21/slim http://www.loc.gov/standards/marcxml/schema/MARC21slim.xsd">
   <leader>00925njm 22002777a 4500</leader>
   <datafield ind2=" " ind1=" " tag="042">
      <subfield code="a">dc</subfield>
   </datafield>
   <datafield ind2=" " ind1=" " tag="720">
      <subfield code="a">Carrera, Xavier</subfield>
      <subfield code="e">author</subfield>
   </datafield>
   <datafield ind2=" " ind1=" " tag="720">
      <subfield code="a">Villagrá, Sara</subfield>
      <subfield code="e">author</subfield>
   </datafield>
   <datafield ind2=" " ind1=" " tag="720">
      <subfield code="a">Orellana Hernández, Martha Lucía</subfield>
      <subfield code="e">author</subfield>
   </datafield>
   <datafield ind2=" " ind1=" " tag="720">
      <subfield code="a">Esteve, Francesc</subfield>
      <subfield code="e">author</subfield>
   </datafield>
   <datafield ind2=" " ind1=" " tag="720">
      <subfield code="a">Peguera Carré, Maria Carme</subfield>
      <subfield code="e">author</subfield>
   </datafield>
   <datafield ind2=" " ind1=" " tag="720">
      <subfield code="a">Marín, Victoria I.</subfield>
      <subfield code="e">author</subfield>
   </datafield>
   <datafield ind2=" " ind1=" " tag="260">
      <subfield code="c">2025</subfield>
   </datafield>
   <datafield ind2=" " ind1=" " tag="520">
      <subfield code="a">En este informe se presenta el resultado del análisis documental efectuado en la tarea T.1.1.B de los Marcos de Referencia (MR), nacionales o internacionales, sobre la Competencia Digital Crítica (CDC), las Prácticas Educativas Abiertas (PEA) y la agencia identificados en la tarea T 1.1. A, centrada en la revisión sistemática de la literatura científica de los tres conceptos que, entre otros elementos, permitiera localizar dichos MR.
La tarea T1.1 es el punto de partida que ha de permitir establecer la situación y los componentes de la CDC para la agencia para el aprendizaje y su conexión con la Educación Abierta y, dar así, respuesta al objetivo específico 1 de la investigación.
Esta tarea se complementa con la T1.2 orientada a explorar el tratamiento actual de los tres conceptos en el contexto universitario español, a fin de analizar hasta qué punto y cómo se aproximan las universidades españolas a ellos, y con la T1.3 conducente a un marco conceptual propio en el que queden definidas las bases científicas de la CDC, las PEA y la agencia y sus relaciones.</subfield>
   </datafield>
   <datafield ind2=" " ind1=" " tag="520">
      <subfield code="a">MCIN/AEI/ 10.13039/501100011033 y “FEDER Una manera de hacer Europa”. PID2022-136291OA-I00. Financiado por el Ministerio de Ciencia e Innovación de España.</subfield>
   </datafield>
   <datafield ind1="8" ind2=" " tag="024">
      <subfield code="a">http://hdl.handle.net/10459.1/468546</subfield>
   </datafield>
   <datafield tag="653" ind2=" " ind1=" ">
      <subfield code="a">Competencia digital crítica</subfield>
   </datafield>
   <datafield tag="653" ind2=" " ind1=" ">
      <subfield code="a">Prácticas educativas abiertas</subfield>
   </datafield>
   <datafield tag="653" ind2=" " ind1=" ">
      <subfield code="a">Agencia</subfield>
   </datafield>
   <datafield ind2="0" ind1="0" tag="245">
      <subfield code="a">Análisis documental de marcos de referencia: prácticas educativas abiertas, competencia digital crítica y agencia</subfield>
   </datafield>
</record></metadata></record></GetRecord></OAI-PMH>